000 00394nam a22001697a 4500
005 20180625115406.0
008 160531b xxu||||| |||| 00| 0 eng d
020 _a817446-125-6
041 _aeng
082 _b6346
_a658
100 _aDiwan, Prag
_94405
245 _aManagement Principles and Practice
260 _bExcel Books
300 _a344
650 _aManagement
_9241
942 _cBK
999 _c2236
_d2235